| 000 | 00797nam a2200229 i 4500 | ||
|---|---|---|---|
| 001 | 177544 | ||
| 003 | ES-MaACL | ||
| 005 | 20250916063058.0 | ||
| 007 | t| | ||
| 008 | 110401s1974 sp r ||||1| spa d | ||
| 020 | _a84-312-0187-8 | ||
| 080 | _a94(460)"1936/1939"(093.3) | ||
| 100 | 1 |
_aHernández, Jesús, _d1907-1971 _9138623 |
|
| 245 | 1 | 0 |
_aYo fui un ministro de Stalin / _cJesús Hernández. |
| 260 |
_aMadrid : _bG. del Toro, _cD. L. 1974. |
||
| 300 |
_a339 p. ; _c21 cm. |
||
| 490 | 1 |
_aMemorias de la guerra civil española 1936-39 ; _v14 |
|
| 651 | 4 |
_aEspaña- _xHistoria- _y1936-1939, Guerra civil- _vRelatos personales. _98326 |
|
| 830 | 0 | 0 |
_aMemorias de la guerra civil española 1936-39 _v14 _9181851 |
| 852 |
_aES-MaACL _jE-14759 _xOlim P-1031 |
||
| 999 |
_c177544 _d177544 |
||